000 01935nam a2200529 i 4500
001 51024
003 KOSZ 005
005 20200807115432.0
008 200806s1997 pl a f 000 0 pol
015 _aUWD 1997/9037
020 _a8386827513
035 _a991004961189705066
035 _a(PL-WaBN)b11304017-48omnis_nlop
035 _ab11304017
035 _a(OCoLC)749529463
035 _a(PL)b0000001130401
035 _a(EXLNZ-48OMNIS_NETWORK)9910394977405606
040 _aWA N
_cWA N
_dKOSZ 005/RW
046 _k1997
080 _a005.95/.96
080 _a(083.1)
100 1 _aSmoleński, Stanisław
_d(1936- )
_eAutor
245 1 0 _aZarządzanie zasobami ludzkimi w przedsiębiorstwie /
_cStanisław Smoleński.
260 _aBydgoszcz :
_bTNOiK [Towarzystwo Naukowe Organizacji i Kierownictwa] :
_bOficyna Wydawnicza Ośrodka Postępu Organizacyjnego,
_c1997.
300 _a152 strony :
_brysunki, wykresy ;
_c21 cm.
336 _aTekst
_btxt
_2rdacontent
337 _aBez urządzenia pośredniczącego
_bn
_2rdamedia
338 _aWolumin
_bnc
_2rdacarrier
380 _aKsiążki
380 _aPublikacje dydaktyczne
388 1 _a1901-2000
388 1 _a1989-2000
490 1 _aBiblioteka Menedżera i Służby Pracowniczej (1996) ;
_vz. 41
504 _aBibliografia na stronach 151-152.
650 7 _aKadry
_2DBN
650 7 _aPolityka
650 7 _aPrzedsiębiorstwo
_2DBN
650 7 _aOrganizacja
650 7 _aZarządzanie
_2DBN
655 7 _aPoradnik
_2DBN
658 _aZarządzanie i marketing
710 2 _aTowarzystwo Naukowe Organizacji i Kierownictwa
_bOddział (Bydgoszcz)
_4pbl
830 0 _aBiblioteka Menedżera i Służby Pracowniczej (1996)
_vz. 41
856 _uhttp://koha.tu.koszalin.pl/cgi-bin/koha/opac-detail.pl?biblionumber=51024
_yKatalog online BPK
942 _2UKD
_cKS
999 _c51024
_d51024